| 000 | 00000nam##2200000za#4500 |
| 001 | 9.660863 |
| 003 | CaOODSP |
| 005 | 20200330125411 |
| 007 | ta |
| 008 | 150407|1999||||xxc||||| f|0| 0 eng|d |
| 020 | |a0-662-64127-2 |
| 040 | |aCaOODSP|beng |
| 041 | |aeng |
| 041 | |afre |
| 043 | |an-cn--- |
| 086 | 1 |aC2-417/1999 |
| 110 | 1 |aCanada. |bIndustry Canada. |
| 245 | 10|aPrinciples of consumer protection for electronic commerce : |ba Canadian framework |
| 260 | |aOttawa - Ontario : |bIndustry Canada |c1999. |
| 300 | |aEnglish text, 11p. ; |c28 cm. |
| 500 | |a"The principles in this document are intended to guide the actions of business, consumers and governments within Canada in the development of a consumer protection framework for electronic commerce over open networks, including the Internet. These principles are not intended to cover communications conducted solely over the telephone."--Preamble. |
| 520 | 3 |aThe principles in this document are intended to guide the actions of business, consumers and governments within Canada in the development of a consumer protection framework for electronic commerce over open networks, including the Internet. These principles are not intended to cover communications conducted solely over the telephone.--Preamble |
| 546 | |aBilingual |
| 563 | |aSoftcover |
| 590 | |a99-47|b1999-11-26 |
| 690 | 07|aConsumer protection|2gcpds |
| 690 | 07|aInformation technology|2gcpds |
| 776 | 0#|tPrincipes régissant la protection des consommateurs dans le commerce électronique : |w(CaOODSP)9.639288 |
| 776 | 0#|tPrinciples of consumer protection for electronic commerce : |w(CaOODSP)9.695144 |
| 792 | |tPrincipes régissant la protection des consommateurs dans le commerce électronique : |efre|w(CaOODSP)9.660864 |
| 986 | |a52645B |